Bundesliga Top 5 Most Valuable Players per Club - Statistics

General Stats
  • This quiz has been taken 161 times
    13 since last reset
  • The average score is 39 of 100
Answer Stats
Club Value Player % Correct
B 65 mil Harry Kane
100%
B 130 mil Jamal Musiala
100%
B 70 mil Luiz Diaz
100%
B 130 mil Michael Olise
100%
K 40 mil Luka Vuskovic
78%
D 55 mil Nico Schlotterbeck
78%
B 65 mil Aleksandar Pavlovic
67%
S 45 mil Angelo Stiller
67%
B 70 mil Dayot Upamecano
67%
H 30 mil Fisnik Asllani
67%
S 25 mil Jamie Leweling
67%
W 12 mil Kamil Grabara
67%
D 60 mil Karim Adeyemi
67%
W 32 mil Mohamed Amoura
67%
D 40 mil Serhou Guirassy
67%
RB 45 mil Yan Diomande
67%
F 45 mil Can Uzun
56%
RB 45 mil Castello Lukeba
56%
L 35 mil Edmond Tapsoba
56%
D 45 mil Felix Nmecha
56%
S 25 mil Finn Jeltsch
56%
D 40 mil Gregor Kobel
56%
F 35 mil Jonathan Burkardt
56%
M 17 mil Nadiem Amiri
56%
F 35 mil Nathaniel Brown
56%
K 5 mil Nicolai Remberg
56%
M 18 mil Paul Nebel
56%
BO 8 mil Rav van den Berg
56%
G 17 mil Rocco Reitz
56%
BR 17 mil Romano Schmid
56%
K 8 mil Albert Sambi Lokonga
44%
RB 32 mil Antonio Nusa
44%
RB 28 mil Assan Ouedraogo
44%
U 13 mil Danilho Doekhi
44%
U 12 mil Diogo Leite
44%
K 18 mil Fabio Vieira
44%
L 40 mil Jarell Quansah
44%
BR 14 mil Jens Stage
44%
FR 30 mil Johan Manzambi
44%
M 25 mil Kaishu Sano
44%
BR 20 mil Karim Coulibaly
44%
U 18 mil Leopold Querfeld
44%
W 15 mil Lovro Majer
44%
FR 20 mil Noah Atubolu
44%
G 12 mil Tim Kleindienst
44%
BR 12 mil Victor Boniface
44%
A 12 mil Alexis Claude-Maurice
33%
HE 5 mil Arijon Ibrahimovic
33%
HE 7 mil Diant Ramaj
33%
S 22 mil Ermedin Demirovic
33%
G 12 mil Franck Honorat
33%
F 40 mil Hugo Larsson
33%
BO 12 mil Jakub Kaminski
33%
H 17 mil Leon Avdullahu
33%
L 28 mil Loic Bade
33%
L 35 mil Malik Tilman
33%
W 15 mil Patrick Wimmer
33%
FR 12 mil Philipp Lienhart
33%
F 25 mil Ritsu Doan
33%
BR 14 mil Samuel Mbangula
33%
H 12 mil Tim Lemperle
33%
U 10 mil Tom Rothe
33%
W 12 mil Vini Souza
33%
FR 15 mil Yuito Suzuki
33%
H 15 mil Adam Hlozek
22%
H 12 mil Albian Hajdari
22%
H 25 mil Bazoumana Toure
22%
M 10 mil Benedict Hollerbach
22%
S 32 mil Bilal El Khannouss
22%
A 22 mil Chrislain Matsima
22%
BO 8 mil Eric Martel
22%
L 30 mil Exequiel Palacios
22%
A 12 mil Finn Dahmen
22%
F 25 mil Jean-Matteo Bahoya
22%
P 8 mil Joel Chima Fujita
22%
W 25 mil Konstantinos Koulierakis
22%
BR 12 mil Marco Friedl
22%
A 12 mil Mert Kömür
22%
HE 3 mil Niklas Dorsch
22%
P 4.5 mil Nikola Vasilj
22%
A 15 mil Noahkai Banks
22%
G 12 mil Robin Hack
22%
RB 30 mil Romulo
22%
BO 40 mil Said El Mala
22%
K 5 mil Alexander Rossing-Lelesiit
11%
P 5 mil Andreas Hountondji
11%
M 10 mil Anthony Caci
11%
P 4 mil David Nemeth
11%
P 5 mil Eric Smith
11%
U 12 mil Ilyas Ansah
11%
BO 10 mil Isak Johannesson
11%
P 4 mil James Sands
11%
HE 4 mil Jan Schöppner
11%
P 4 mil Martijn Kaars
11%
HE 4.5 mil Marvin Pieringer
11%
W 12 mil Mattias Svanberg
11%
M 12 mil Nelson Weiper
11%
G 8 mil Nico Elvedi
11%
HE 3 mil Omar Traore
11%
FR 12 mil Patrick Osterhage
11%
No matching quizzes found
Score Distribution
Percent of People with Each Score
Percentile by Number Answered
Your Score History
You have not taken this quiz since the last reset